000 00697nam a2200193Ia 4500
001 3236
003 GE_BSU
008 181216s||||||||xx |||||||||||||| ||und||
040 _cGE_BSU
080 _a624.13(035)
100 _aРоговский,Л.В. Миропольская,Н.К. Вестерский,Н.М. Ни,В.Н.
245 _aСправочник по общестроительным работам: земляные работы.
260 _aМ.
260 _bГосстройиздат.
260 _c1960.
300 _a405 стр. 20 см.
653 _aСправочник по общестроительным работам: земляные работы.
942 _cBK
999 _c37277
_d37277